[Event "VI C.to Europeo"]
[Site "Varsavia POL"]
[Date "2005.06.25"]
[Round "7"]
[White "Reinderman, Dimitri"]
[Black "Lanzani, Mario"]
[Result "1-0"]
[WhiteElo "2509"]
[BlackElo "2356"]
[PlyCount "33"]
[EventDate "2005.06.18"]

1. e4 e5 2. Nf3 Nc6 3. Bb5 Nf6 4. O-O Nxe4 5. d4 Be7 6. dxe5 O-O 7. Qe2 d5 8.
c4 a6 9. cxd5 Qxd5 10. Bc4 Nd4 11. Nxd4 Qxd4 12. Rd1 Qxe5 13. Rd5 Qf6 14. Qxe4
Be6 15. Nc3 Rfe8 16. Rd1 Bc5 17. Be3 1-0

[Event "VI C.to Europeo"]
[Site "Varsavia POL"]
[Date "2005.06.26"]
[Round "8"]
[White "Godena, Michele"]
[Black "Moranda, Wojciech"]
[Result "1-0"]
[WhiteElo "2527"]
[BlackElo "2452"]
[PlyCount "111"]
[EventDate "2005.06.18"]

1. e4 d6 2. d4 Nf6 3. Bd3 e5 4. Nf3 exd4 5. Nxd4 Be7 6. O-O O-O 7. Nd2 Re8 8.
b3 Bf8 9. Bb2 c5 10. Ne2 Nc6 11. Ng3 g6 12. Bb5 Bd7 13. Nc4 Nxe4 14. Nxe4 Rxe4
15. Nxd6 Re6 16. Nxf7 Kxf7 17. Bc4 Bg7 18. Qf3+ Kg8 19. Rad1 Qe7 20. Rfe1 Re8
21. Bxe6+ Bxe6 22. Bxg7 Kxg7 23. h3 Qf6 24. Qg3 Bf7 25. Rxe8 Bxe8 26. Qe3 Qe7
27. Qc3+ Kg8 28. Re1 Qf8 29. Qg3 Bd7 30. c3 Qf7 31. Qd6 b6 32. b4 cxb4 33. cxb4
Be8 34. b5 Na5 35. Qb8 Kf8 36. Qd6+ Kg8 37. Qb8 Kf8 38. Qe5 Qd7 39. Qh8+ Kf7
40. Qxh7+ Kf8 41. Qh8+ Kf7 42. Qh7+ Kf8 43. Qh8+ Kf7 44. h4 Nb7 45. h5 gxh5 46.
Qxh5+ Kf8 47. Qh6+ Kf7 48. Qf4+ Kg7 49. Qg5+ Kf8 50. Qf6+ Bf7 51. Qh8+ Bg8 52.
Qf6+ Bf7 53. Qh8+ Bg8 54. Qh6+ Kf7 55. Qf4+ Kg7 56. Re3 1-0

[Event "VI C.to Europeo"]
[Site "Varsavia POL"]
[Date "2005.06.26"]
[Round "8"]
[White "Lanzani, Mario"]
[Black "Karlsson, Lars"]
[Result "0-1"]
[WhiteElo "2356"]
[BlackElo "2472"]
[PlyCount "58"]
[EventDate "2005.06.18"]

1. e4 c5 2. Nf3 d6 3. d4 Nf6 4. Nc3 cxd4 5. Nxd4 g6 6. Be3 Bg7 7. f3 Nc6 8. Qd2
Bd7 9. O-O-O h5 10. Bc4 Ne5 11. Bb3 Rc8 12. Kb1 Nc4 13. Bxc4 Rxc4 14. h3 h4 15.
Nde2 Rh5 16. Nf4 Ra5 17. Ncd5 Nxd5 18. Nxd5 Be6 19. b3 Bxd5 20. bxc4 Bxc4 21.
Bd4 Bxa2+ 22. Kc1 Bxd4 23. Qxd4 Qc7 24. Kd2 e5 25. Qb4 Be6 26. Ra1 Rc5 27. Rxa7
Rxc2+ 28. Ke3 Rc3+ 29. Kf2 Rb3 0-1

[Event "VI C.to Europeo"]
[Site "Varsavia POL"]
[Date "2005.06.27"]
[Round "9"]
[White "Bruno, Fabio"]
[Black "Praszak, Michal"]
[Result "1/2-1/2"]
[WhiteElo "2374"]
[BlackElo "2261"]
[PlyCount "114"]
[EventDate "2005.06.18"]

1. c4 c5 2. Nc3 b6 3. e4 Bb7 4. Nf3 d6 5. d4 cxd4 6. Nxd4 Nf6 7. f3 e6 8. Be3
Be7 9. Qa4+ Nfd7 10. Rd1 a6 11. Be2 O-O 12. O-O Qc7 13. Rc1 Nf6 14. Rfd1 Nbd7
15. Rd2 Rac8 16. Qd1 Qb8 17. g4 Ne5 18. g5 Nfd7 19. Qf1 Nc6 20. Nc2 Bd8 21.
Rcd1 Bc7 22. f4 Rfd8 23. h4 Ne7 24. Qh3 Nf8 25. Rf1 b5 26. f5 b4 27. Nxb4 a5
28. Nc2 d5 29. fxe6 fxe6 30. Rxf8+ Rxf8 31. Qxe6+ Kh8 32. Bh5 Bf4 33. Qxe7
Bxe3+ 34. Nxe3 d4 35. Ng2 Rc7 36. Qe5 dxc3 37. Qxc3 Bxe4 38. b3 Bxg2 39. Kxg2
Re7 40. Qd4 Qb7+ 41. Qd5 Qb8 42. Re2 Rxe2+ 43. Bxe2 Qf4 44. Bf3 Qc7 45. Qe6 Qf4
46. Qd5 Qxh4 47. c5 Qf4 48. c6 h5 49. g6 Qf5 50. Qxf5 Rxf5 51. Be4 Rc5 52. a3
Rb5 53. c7 Rc5 54. Bd5 Rxc7 55. Kg3 Rc5 56. Bf7 Rc1 57. a4 Rc7 1/2-1/2

[Event "VI C.to Europeo"]
[Site "Varsavia POL"]
[Date "2005.06.27"]
[Round "9"]
[White "Godlauskas, Kazys"]
[Black "Lanzani, Mario"]
[Result "1/2-1/2"]
[WhiteElo "2193"]
[BlackElo "2356"]
[PlyCount "75"]
[EventDate "2005.06.18"]

1. e4 c6 2. d4 d5 3. exd5 cxd5 4. c4 Nf6 5. Nc3 g6 6. Qb3 Bg7 7. cxd5 O-O 8.
Be2 Nbd7 9. Bf3 Qb6 10. Qxb6 Nxb6 11. d6 exd6 12. Nge2 d5 13. h3 Bf5 14. O-O
Be4 15. Bxe4 Nxe4 16. Nxe4 dxe4 17. Be3 Nd5 18. a3 f5 19. g3 Rac8 20. Rfc1 b6
21. Kf1 Kf7 22. Ke1 Ke6 23. Kd2 Kd7 24. h4 h6 25. Nc3 Nxc3 26. Rxc3 Rxc3 27.
bxc3 Rc8 28. Kc2 Kd6 29. Kb3 Kd5 30. a4 a6 31. Rg1 h5 32. Rc1 Rc4 33. Bg5 Bf8
34. Be3 Be7 35. Rc2 Bd8 36. Ra2 Rc8 37. Rc2 Rc4 38. Ra2 1/2-1/2

[Event "VI C.to Europeo"]
[Site "Varsavia POL"]
[Date "2005.06.27"]
[Round "9"]
[White "Riazantsev, Alexander"]
[Black "Godena, Michele"]
[Result "1-0"]
[WhiteElo "2608"]
[BlackElo "2527"]
[PlyCount "85"]
[EventDate "2005.06.18"]

1. d4 d5 2. c4 c6 3. Nf3 Nf6 4. Nc3 e6 5. Bg5 Nbd7 6. cxd5 exd5 7. Qc2 Be7 8.
e3 Nh5 9. Bxe7 Qxe7 10. O-O-O g6 11. g4 Ng7 12. h3 Nb6 13. Ne5 f6 14. Nd3 Be6
15. Be2 Bf7 16. Na4 Nxa4 17. Qxa4 Ne6 18. h4 O-O 19. Kb1 b6 20. Bf3 Qd6 21. Rd2
Rac8 22. Nc1 Rfd8 23. Ne2 c5 24. dxc5 Rxc5 25. Rhd1 Qh2 26. Nc3 Ra5 27. Qc6 d4
28. exd4 Qxh4 29. d5 Ng5 30. Rh1 Nxf3 31. Rxh4 Nxd2+ 32. Kc1 Rc5 33. Qxf6 Rdxd5
34. g5 Rd7 35. Rd4 Rxd4 36. Qxd4 Nc4 37. Ne4 Rc8 38. Nf6+ Kf8 39. Nxh7+ Kg8 40.
Nf6+ Kf8 41. Qd7 Rc5 42. Qd8+ Kg7 43. Nd7 1-0

[Event "VI C.to Europeo"]
[Site "Varsavia POL"]
[Date "2005.06.28"]
[Round "10"]
[White "Bruno, Fabio"]
[Black "Bleis, Christian"]
[Result "1/2-1/2"]
[WhiteElo "2374"]
[BlackElo "2258"]
[PlyCount "69"]
[EventDate "2005.06.18"]

1. c4 f5 2. d4 e6 3. Nf3 Nf6 4. Nc3 Be7 5. Qc2 O-O 6. Bf4 c5 7. d5 Qa5 8. Bd2
Qb6 9. e4 fxe4 10. Ng5 exd5 11. cxd5 d6 12. Ngxe4 Bf5 13. Bd3 Nxe4 14. Bxe4
Bxe4 15. Qxe4 Na6 16. O-O Rae8 17. Qe6+ Kh8 18. Rae1 Qd8 19. Re4 Nc7 20. Qg4
Bf6 21. Rxe8 Rxe8 22. a4 Bd4 23. Ne4 Qe7 24. Ng5 Nxd5 25. Nxh7 Kxh7 26. Qh5+
Kg8 27. Qxd5+ Qf7 28. Qxd6 Re2 29. Bf4 Rxb2 30. g3 Kh7 31. Qd8 Qh5 32. Kg2 Qe2
33. Qd5 Bxf2 34. Qf5+ Kg8 35. Qd5+ 1/2-1/2

[Event "VI C.to Europeo"]
[Site "Varsavia POL"]
[Date "2005.06.28"]
[Round "10"]
[White "Kharlov, Andrei"]
[Black "Godena, Michele"]
[Result "1/2-1/2"]
[WhiteElo "2628"]
[BlackElo "2527"]
[PlyCount "161"]
[EventDate "2005.06.18"]

1. d4 Nf6 2. Bf4 d5 3. e3 e6 4. Nf3 Nbd7 5. h3 Ne4 6. c4 Bb4+ 7. Nbd2 dxc4 8.
a3 Nxd2 9. Nxd2 Bd6 10. Qf3 e5 11. dxe5 Bxe5 12. Nxc4 Bxf4 13. Qxf4 Nf6 14. Be2
O-O 15. O-O Be6 16. Rfd1 Qe7 17. Na5 c6 18. e4 Rfe8 19. b4 Rac8 20. Rac1 c5 21.
bxc5 Rxc5 22. Rxc5 Qxc5 23. Nxb7 Qxa3 24. Nd6 Rd8 25. e5 Ne8 26. Bb5 Nxd6 27.
exd6 Qc5 28. Ba4 h6 29. d7 Kf8 30. Qh4 Qb6 31. Re1 Qa5 32. Re5 Qc7 33. Rc5 Qb8
34. Rb5 Qc7 35. Rb7 Qc1+ 36. Kh2 g5 37. Qb4+ Kg8 38. Rxa7 Qf4+ 39. Qxf4 gxf4
40. Kg1 Kf8 41. Kf1 Ke7 42. Ke2 Rb8 43. Kf3 Rb4 44. Bc6 Rc4 45. Ra8 Bxd7 46.
Bxd7 Kxd7 47. Ra6 h5 48. Ra5 Ke6 49. Rxh5 f5 50. Rh8 Ke5 51. Re8+ Kf6 52. h4
Ra4 53. Rc8 Rb4 54. Rc6+ Ke5 55. h5 Rb3+ 56. Ke2 Rb2+ 57. Ke1 Rb1+ 58. Kd2 Rh1
59. h6 Rh2 60. Rg6 f3 61. gxf3 Rxf2+ 62. Ke3 Rh2 63. f4+ Kd5 64. Kf3 Rh3+ 65.
Kg2 Rh5 66. Rf6 Ke4 67. Kg3 Rh1 68. Re6+ Kd5 69. Re5+ Kd6 70. Rxf5 Rxh6 71. Re5
Re6 72. Rh5 Ke7 73. Kg4 Kf7 74. Rh7+ Kg6 75. Rh5 Ra6 76. f5+ Kg7 77. Kg5 Kf7
78. Rh7+ Kf8 79. Rb7 Rc6 80. f6 Rc1 81. Rb8+ 1/2-1/2

[Event "VI C.to Europeo"]
[Site "Varsavia POL"]
[Date "2005.06.28"]
[Round "10"]
[White "Lanzani, Mario"]
[Black "Bugajski, Robert"]
[Result "1-0"]
[WhiteElo "2356"]
[BlackElo "2218"]
[PlyCount "37"]
[EventDate "2005.06.18"]

1. e4 c5 2. Nf3 e6 3. d4 cxd4 4. Nxd4 Nf6 5. Nc3 d6 6. g4 h6 7. Bg2 a6 8. Be3
Be7 9. h3 Qc7 10. Qe2 Nbd7 11. f4 Nc5 12. O-O Bd7 13. a4 g6 14. b4 e5 15. bxc5
exd4 16. Bxd4 O-O 17. Rad1 dxc5 18. Bxf6 Bxf6 19. Nd5 1-0

[Event "VI C.to Europeo"]
[Site "Varsavia POL"]
[Date "2005.06.29"]
[Round "11"]
[White "Berescu, Alin-Mile"]
[Black "Lanzani, Mario"]
[Result "1-0"]
[WhiteElo "2439"]
[BlackElo "2356"]
[PlyCount "71"]
[EventDate "2005.06.18"]

1. e4 c6 2. d4 d5 3. Nc3 dxe4 4. Nxe4 Nf6 5. Nxf6+ exf6 6. c3 Bf5 7. Bc4 Bd6 8.
Ne2 O-O 9. O-O Re8 10. Ng3 Be6 11. Bd3 g6 12. Ne4 Bf8 13. Bf4 Bf5 14. Bc7 Qe7
15. Re1 Bxe4 16. Rxe4 Qd7 17. Rxe8 Qxe8 18. Qb3 Qc8 19. Bg3 a5 20. a4 Kg7 21.
Bc4 Qd7 22. Re1 Na6 23. h3 h5 24. Kf1 Kg8 25. Qb6 Qc8 26. d5 Nc5 27. d6 Nxa4
28. Qd4 Qf5 29. Bd3 Qd5 30. Qxd5 cxd5 31. d7 Rd8 32. Bb5 Nc5 33. Re8 Rxd7 34.
Bxd7 Nxd7 35. Rd8 Ne5 36. Bxe5 1-0

[Event "VI C.to Europeo"]
[Site "Varsavia POL"]
[Date "2005.06.29"]
[Round "11"]
[White "Godena, Michele"]
[Black "Warakomski, Tomasz"]
[Result "1-0"]
[WhiteElo "2527"]
[BlackElo "2384"]
[PlyCount "115"]
[EventDate "2005.06.18"]

1. e4 e5 2. Bc4 Nf6 3. d3 Nc6 4. Nf3 Bc5 5. c3 d6 6. Bb3 a6 7. O-O h6 8. Re1
O-O 9. Nbd2 Ng4 10. Re2 Ba7 11. h3 Nf6 12. Nf1 Nh5 13. Be3 Qf6 14. Re1 Bxe3 15.
Nxe3 Nf4 16. Kh2 Ne7 17. Ng1 Be6 18. g3 Bxb3 19. axb3 Ne6 20. Kg2 g6 21. Nf3
Qg7 22. d4 f5 23. dxe5 fxe4 24. Nd4 Nc5 25. exd6 cxd6 26. Rf1 Rf7 27. Qe2 Nf5
28. Rad1 Nd3 29. Nexf5 gxf5 30. Rxd3 exd3 31. Qxd3 f4 32. Nf5 Qf6 33. g4 Kh8
34. Re1 Rg8 35. Kf3 h5 36. Qxd6 Qxd6 37. Nxd6 Rd7 38. Re6 hxg4+ 39. hxg4 Rgd8
40. Rh6+ Kg8 41. Ne4 Kg7 42. g5 Rd5 43. Re6 Rf8 44. Kg4 f3 45. Nf6 Rd2 46. Kxf3
Rxb2 47. Rb6 a5 48. Kg3 Rd8 49. Nh5+ Kg8 50. Rxb7 Rd6 51. Nf6+ Kf8 52. f4 a4
53. b4 a3 54. Ra7 a2 55. Kg4 Rd1 56. g6 Rg2+ 57. Kf5 a1=Q 58. Rf7# 1-0

[Event "VI C.to Europeo"]
[Site "Varsavia POL"]
[Date "2005.06.29"]
[Round "11"]
[White "Matras, Agnieszka"]
[Black "Bruno, Fabio"]
[Result "0-1"]
[WhiteElo "2280"]
[BlackElo "2374"]
[PlyCount "68"]
[EventDate "2005.06.18"]

1. e4 c5 2. Nc3 Nc6 3. f4 g6 4. Nf3 Bg7 5. g3 Rb8 6. Bg2 d6 7. O-O e6 8. d3 b5
9. f5 b4 10. fxe6 fxe6 11. Ne2 e5 12. c3 bxc3 13. bxc3 Nf6 14. d4 exd4 15. cxd4
O-O 16. Qa4 Rb4 17. Qc2 Ng4 18. a3 Nxd4 19. Nexd4 Rxd4 20. Bb2 Ne3 21. Qb3+ c4
22. Qxe3 Rd3 23. Qc1 c3 24. Rb1 Rdxf3 25. Rxf3 Rxf3 26. Bxf3 cxb2 27. Qc4+ Kh8
28. Bd1 Bh3 29. Bb3 Qf8 30. Rd1 Be5 31. Ba2 Kg7 32. Qd3 Qf6 33. Bc4 Bd4+ 34.
Kh1 Qf2 0-1

[Event "VI C.to Europeo"]
[Site "Varsavia POL"]
[Date "2005.06.30"]
[Round "12"]
[White "Bruno, Fabio"]
[Black "Williams, Simon K."]
[Result "1/2-1/2"]
[WhiteElo "2374"]
[BlackElo "2466"]
[PlyCount "91"]
[EventDate "2005.06.18"]

1. d4 f5 2. Nf3 e6 3. g3 Nf6 4. Bg2 Be7 5. O-O O-O 6. c4 d6 7. Nc3 a5 8. Bg5
Nbd7 9. Qc2 Ng4 10. Bd2 Qe8 11. Nb5 Bd8 12. c5 dxc5 13. dxc5 Ndf6 14. Qc4 Bd7
15. Nbd4 Kh8 16. h3 e5 17. c6 bxc6 18. hxg4 Nxg4 19. Rfd1 exd4 20. Nxd4 Qh5 21.
Nf3 Bf6 22. Bc3 Bxc3 23. Qxc3 Be6 24. Qxc6 Rae8 25. e3 g5 26. Qc3+ Kg8 27. Qxa5
c6 28. Rac1 Bd5 29. Rxd5 cxd5 30. Qxd5+ Kh8 31. Qd4+ Nf6 32. b4 Rd8 33. Qc5 f4
34. Qxg5 fxg3 35. fxg3 Qxg5 36. Nxg5 Rd2 37. Rf1 Rxa2 38. b5 Rb2 39. Bc6 Rg8
40. Nf7+ Kg7 41. Nd6 Rd8 42. Nf5+ Kg6 43. Ne7+ Kg7 44. Nf5+ Kg6 45. Ne7+ Kg7
46. Nf5+ 1/2-1/2

[Event "VI C.to Europeo"]
[Site "Varsavia POL"]
[Date "2005.06.30"]
[Round "12"]
[White "Godena, Michele"]
[Black "Sargissian, Gabriel"]
[Result "0-1"]
[WhiteElo "2527"]
[BlackElo "2630"]
[PlyCount "166"]
[EventDate "2005.06.18"]

1. e4 e5 2. Nf3 Nc6 3. Bc4 Bc5 4. c3 Nf6 5. d3 d6 6. Bb3 a6 7. h3 Ba7 8. Nbd2
O-O 9. O-O Be6 10. Re1 h6 11. Nf1 Re8 12. Be3 Bb6 13. Bxb6 cxb6 14. Ne3 b5 15.
Bc2 d5 16. exd5 Nxd5 17. d4 exd4 18. Nxd5 Qxd5 19. Be4 Qd7 20. Nxd4 Nxd4 21.
Qxd4 Rad8 22. Qxd7 Rxd7 23. Rad1 Red8 24. Rxd7 Rxd7 25. a3 Kf8 26. Bf3 Bb3 27.
Re5 b6 28. Bc6 Re7 29. Rxe7 Kxe7 30. Bb7 a5 31. Bc6 Bc4 32. f4 Kd6 33. Bf3 Bd5
34. Be2 Bc4 35. Bd1 b4 36. axb4 axb4 37. Kf2 Kc5 38. g3 bxc3 39. bxc3 Be6 40.
Be2 Bxh3 41. Ke3 Kd5 42. Bd3 Bd7 43. Be2 f6 44. Bh5 Bf5 45. Bf7+ Kc5 46. Kd2
Bh7 47. Ke3 Bf5 48. Kd2 Be4 49. Ke3 Bb1 50. Kd2 g5 51. Ke3 Bf5 52. Bb3 h5 53.
Bf7 h4 54. fxg5 h3 55. Kf2 fxg5 56. Kg1 Kd6 57. Bb3 Kc5 58. Kh2 Kb5 59. Kg1 Kc5
60. Kh2 Kd6 61. Kg1 Ke5 62. Kh2 Bc8 63. Bc2 Kd5 64. Bd3 Bd7 65. Kg1 Kc5 66. Be2
Bf5 67. g4 Bb1 68. Kh2 Kd5 69. Kxh3 Ke4 70. Kg3 Ke3 71. Bb5 Bd3 72. Bd7 Bc4 73.
Bc6 Be2 74. Bd7 Bd3 75. Bc6 Be4 76. Bd7 Bf3 77. Bb5 Be2 78. Bd7 Bd1 79. Be6 Kd3
80. Kf2 Kxc3 81. Ke3 b5 82. Ke4 b4 83. Kf5 Bb3 0-1

[Event "VI C.to Europeo"]
[Site "Varsavia POL"]
[Date "2005.06.30"]
[Round "12"]
[White "Lanzani, Mario"]
[Black "Siebrecht, Sebastian"]
[Result "1/2-1/2"]
[WhiteElo "2356"]
[BlackElo "2438"]
[PlyCount "66"]
[EventDate "2005.06.18"]

1. e4 c5 2. Nf3 e6 3. d4 cxd4 4. Nxd4 Qb6 5. Nc3 Nc6 6. Nb3 Nf6 7. Bd3 Be7 8.
O-O d6 9. Be3 Qc7 10. f4 a6 11. Qf3 b5 12. e5 Nd7 13. exd6 Bxd6 14. Bxb5 Bb7
15. Rad1 Nd4 16. Bxd7+ Qxd7 17. Qf2 Nxb3 18. axb3 Qc6 19. Na4 O-O 20. Rxd6 Qxd6
21. Bc5 Qd5 22. c4 Qf5 23. Bxf8 Rxf8 24. Nc5 Ba8 25. Nxa6 Qa5 26. Qa7 Qa2 27.
Qb6 Qxb2 28. Rf2 Qa1+ 29. Rf1 Qa2 30. Rf2 Qb1+ 31. Rf1 Qc2 32. Rf2 Qd1+ 33. Rf1
Qc2 1/2-1/2

[Event "C.to Italiano Semifinale"]
[Site "Massafra ITA"]
[Date "2005.06.18"]
[Round "1"]
[White "Ariete, Gerardo"]
[Black "Malta, Gaetano"]
[Result "1-0"]
[WhiteElo "2101"]
[BlackElo "1718"]
[PlyCount "127"]
[EventDate "2005.06.18"]

1. e4 c5 2. Nf3 e6 3. c3 d5 4. exd5 exd5 5. d4 Nf6 6. Be2 Bd6 7. Bg5 Nbd7 8.
Nbd2 O-O 9. O-O Qb6 10. Qb3 Qxb3 11. axb3 h6 12. Bxf6 Nxf6 13. dxc5 Bxc5 14. b4
Bb6 15. Nb3 Re8 16. Bb5 Bd7 17. Bxd7 Nxd7 18. Rfe1 Nf6 19. Nfd4 Ne4 20. Rad1
Nd6 21. Nc5 Rac8 22. Rxe8+ Rxe8 23. Kf1 Bxc5 24. bxc5 Ne4 25. Nb3 Nf6 26. Ra1
a6 27. Ra4 Nd7 28. Rb4 Rb8 29. Ke2 Kf8 30. Kd3 Ne5+ 31. Kc2 Ke7 32. Nd4 Kd7 33.
f3 Nc6 34. Rb6 Re8 35. Nxc6 bxc6 36. Kd2 Ra8 37. Rb7+ Ke6 38. Rc7 Rb8 39. Rxc6+
Kd7 40. Rd6+ Kc7 41. Kc2 Re8 42. Rxd5 Kc6 43. Rd2 Kxc5 44. b4+ Kc4 45. Rd4+ Kb5
46. Kd2 Re7 47. h4 g6 48. Kd3 Re1 49. g4 Re7 50. h5 Kc6 51. hxg6 fxg6 52. Rf4
Re6 53. Kd4 Rd6+ 54. Ke5 Rd5+ 55. Ke4 Rd6 56. c4 Re6+ 57. Kd4 Rd6+ 58. Ke5 Rd3
59. Rf6+ Kb7 60. Rxg6 Rxf3 61. Rxh6 Rb3 62. c5 Rxb4 63. Rb6+ Rxb6 64. cxb6 1-0

[Event "C.to Italiano Semifinale"]
[Site "Massafra ITA"]
[Date "2005.06.18"]
[Round "1"]
[White "Armentano, Alessio"]
[Black "Martorelli, Antonio"]
[Result "1/2-1/2"]
[WhiteElo "2092"]
[BlackElo "2273"]
[PlyCount "169"]
[EventDate "2005.06.18"]

1. e4 c5 2. Nc3 e6 3. g3 d5 4. Bg2 d4 5. Nce2 e5 6. d3 Nc6 7. f4 f6 8. Nf3 Bg4
9. h3 Be6 10. fxe5 fxe5 11. Ng5 Bd7 12. O-O Nf6 13. c3 h6 14. Nf3 Be6 15. cxd4
cxd4 16. Bd2 Qd7 17. Kh2 Bd6 18. a3 O-O 19. g4 Nh7 20. Ng3 a5 21. Nf5 Bxf5 22.
gxf5 Ne7 23. Nh4 Qb5 24. Qg4 Kh8 25. Qe2 Rac8 26. Be1 a4 27. Bg3 Rc5 28. Rac1
Rfc8 29. Qd2 Nf6 30. Rxc5 Qxc5 31. Nf3 Nd7 32. Rf2 Kg8 33. h4 Qc1 34. Qa5 Nf6
35. Kh3 Qe3 36. Qd2 Qxd2 37. Rxd2 Rc5 38. Nxd4 Nh5 39. Bh2 Rc8 40. Nb5 Bb8 41.
Nc3 Nc6 42. Nxa4 Nd4 43. Nb6 Rc1 44. Nd7 Nb3 45. Rf2 Ba7 46. Rf1 Rc2 47. Bxe5
Bd4 48. Bxd4 Nxd4 49. e5 Kf7 50. Bxb7 Rxb2 51. Nc5 Rb5 52. Ne6 Nxe6 53. fxe6+
Kxe6 54. Bc8+ Ke7 55. d4 Rd5 56. Bg4 g6 57. Bxh5 gxh5 58. Rd1 Ke6 59. Kg3 Rd8
60. Kf3 Kd5 61. Ke3 Ra8 62. Rd3 Rg8 63. Kf4 Rf8+ 64. Kg3 Ke4 65. Rb3 Rg8+ 66.
Kh3 Kxd4 67. e6 Re8 68. Rb6 Ra8 69. Rb3 Re8 70. Rb4+ Kd5 71. Rb5+ Kxe6 72. a4
Kf6 73. Rxh5 Re3+ 74. Kg2 Kg6 75. Rd5 Re4 76. h5+ Kf6 77. a5 Rf4 78. Kg3 Rf1
79. Kg4 Kg7 80. a6 Ra1 81. Rd7+ Kf6 82. a7 Ra4+ 83. Kf3 Kg5 84. Rg7+ Kxh5 85.
Ke3 1/2-1/2

[Event "C.to Italiano Semifinale"]
[Site "Massafra ITA"]
[Date "2005.06.18"]
[Round "1"]
[White "Astengo, Marcello"]
[Black "Crudele, Michele"]
[Result "1-0"]
[WhiteElo "2120"]
[BlackElo "1969"]
[PlyCount "77"]
[EventDate "2005.06.18"]

1. d4 d6 2. e4 Nd7 3. Nf3 e5 4. Bc4 Qe7 5. O-O Nb6 6. Be2 Nf6 7. Nc3 c6 8. a4
Bg4 9. b3 g6 10. Ba3 Qc7 11. Qd2 Be7 12. Rad1 O-O-O 13. h3 Bxf3 14. Bxf3 h5 15.
a5 Nbd7 16. b4 g5 17. b5 g4 18. Be2 gxh3 19. bxc6 Rdg8 20. Nb5 Rxg2+ 21. Kh1
Nxe4 22. Nxc7 Nxd2 23. cxd7+ Kxc7 24. Rxd2 Bg5 25. Rd3 Rg8 26. dxe5 dxe5 27.
Bd6+ Kxd7 28. Bxe5+ Ke6 29. Bh2 Bh4 30. Re3+ Kf6 31. Bxh5 R2g5 32. Rf3+ Rf5 33.
Rxf5+ Kxf5 34. Rg1 Rd8 35. Bxf7 Bxf2 36. Rf1 Rd2 37. Bg1 Rxc2 38. Rxf2+ Rxf2
39. Bxf2 1-0

[Event "C.to Italiano Semifinale"]
[Site "Massafra ITA"]
[Date "2005.06.18"]
[Round "1"]
[White "Delfino, Luigi"]
[Black "Pizzuto, Samuele Tullio"]
[Result "1/2-1/2"]
[WhiteElo "2078"]
[BlackElo "2181"]
[PlyCount "85"]
[EventDate "2005.06.18"]

1. e4 d5 2. d3 dxe4 3. dxe4 Qxd1+ 4. Kxd1 e5 5. Be3 Nc6 6. c3 Be6 7. Nd2 O-O-O
8. Kc2 f5 9. f3 Nf6 10. Bd3 fxe4 11. Nxe4 Nd5 12. Bd2 Be7 13. Ne2 Rd7 14. Bb5
Rhd8 15. Rad1 Nf6 16. N2g3 Bd5 17. Be3 a6 18. Bd3 g6 19. b3 Bg8 20. h4 Nd5 21.
Bd2 Ndb4+ 22. cxb4 Rxd3 23. h5 Bxb4 24. Bg5 Rxd1 25. Rxd1 Rxd1 26. Kxd1 gxh5
27. Nf6 Bf7 28. Nxh7 Bg6 29. Nf6 Be7 30. Nge4 Nd4 31. Nd5 Bxg5 32. Nxg5 Kd7 33.
Kd2 c6 34. Nb6+ Ke7 35. Ne4 Ne6 36. Nc4 Bxe4 37. fxe4 Nf4 38. g3 Ng6 39. Na5 b6
40. Nxc6+ Kd6 41. Nb4 a5 42. Nd5 b5 43. a3 1/2-1/2

[Event "C.to Italiano Semifinale"]
[Site "Massafra ITA"]
[Date "2005.06.18"]
[Round "1"]
[White "Fontanarosa, Luca"]
[Black "Cucinella, Vincenzo"]
[Result "0-1"]
[WhiteElo "1811"]
[BlackElo "2113"]
[PlyCount "56"]
[EventDate "2005.06.18"]

1. e4 c5 2. Nf3 e6 3. d4 cxd4 4. Nxd4 a6 5. Be3 Nf6 6. f3 Qc7 7. Qd2 d5 8. Bg5
dxe4 9. Bxf6 gxf6 10. fxe4 Bd6 11. Nc3 Bd7 12. Nde2 Nc6 13. O-O-O Be5 14. g3
O-O-O 15. Qe3 Qa5 16. Bh3 h5 17. Rd2 h4 18. g4 Bc7 19. Nf4 Ne5 20. Qe2 b5 21.
Rf1 b4 22. Nb1 Bb5 23. Nd3 Qxa2 24. Rxf6 b3 25. Qf2 bxc2 26. Nc3 Nxd3+ 27. Rxd3
Qa1+ 28. Kxc2 Bxd3+ 0-1

[Event "C.to Italiano Semifinale"]
[Site "Massafra ITA"]
[Date "2005.06.18"]
[Round "1"]
[White "Scalcione, Michelangelo"]
[Black "Di Michele, Rocco"]
[Result "1-0"]
[WhiteElo "2242"]
[BlackElo "2089"]
[PlyCount "47"]
[EventDate "2005.06.18"]

1. Nf3 f5 2. c4 Nf6 3. g3 d6 4. d4 g6 5. b4 Bg7 6. Bb2 O-O 7. Nbd2 Qe8 8. Bg2
Nbd7 9. d5 Nh5 10. Bxg7 Nxg7 11. O-O e5 12. dxe6 Nf6 13. Re1 Nxe6 14. e4 fxe4
15. Nxe4 Nxe4 16. Rxe4 Qf7 17. Qd2 Bd7 18. Rae1 Rae8 19. R1e3 Qf6 20. Bh3 Nd4
21. Rxe8 Qxf3 22. Bxd7 Qf6 23. Rxf8+ Kxf8 24. Kg2 1-0

[Event "C.to Italiano Semifinale"]
[Site "Massafra ITA"]
[Date "2005.06.19"]
[Round "2"]
[White "Ariete, Gerardo"]
[Black "Astengo, Marcello"]
[Result "0-1"]
[WhiteElo "2101"]
[BlackElo "2120"]
[PlyCount "80"]
[EventDate "2005.06.18"]

1. e4 e6 2. d4 d5 3. Nd2 Nf6 4. e5 Ng8 5. f4 c5 6. c3 Nc6 7. Ngf3 cxd4 8. cxd4
Bd7 9. a3 a5 10. Qb3 a4 11. Qd3 Na5 12. Be2 Nh6 13. O-O Be7 14. b4 axb3 15.
Nxb3 Nc4 16. Nbd2 b5 17. Ng5 Nf5 18. Ndf3 h6 19. g4 Nxd4 20. Qxd4 hxg5 21. Kg2
gxf4 22. Qxf4 O-O 23. g5 Nxa3 24. Bd3 Ra4 25. Qg3 g6 26. h4 Qe8 27. Rh1 Kg7 28.
h5 Rh8 29. h6+ Kh7 30. Nh2 Bc6 31. Rf1 Rf8 32. Ng4 Qa8 33. Nf6+ Kh8 34. Qf2 Nc4
35. Rb1 Ra2 36. Be2 Qa4 37. Bf4 d4+ 38. Kg1 d3 39. Bd1 Rxf2 40. Bxa4 Rxf1+ 0-1

[Event "C.to Italiano Semifinale"]
[Site "Massafra ITA"]
[Date "2005.06.19"]
[Round "2"]
[White "Cucinella, Vincenzo"]
[Black "Scalcione, Michelangelo"]
[Result "1/2-1/2"]
[WhiteElo "2113"]
[BlackElo "2242"]
[PlyCount "120"]
[EventDate "2005.06.18"]

1. d4 Nf6 2. Nf3 b6 3. Bf4 e6 4. e3 Bb7 5. Nbd2 Be7 6. Bd3 Nh5 7. Bg3 Nxg3 8.
hxg3 d6 9. Qe2 h6 10. e4 a6 11. e5 d5 12. c3 c5 13. O-O Nc6 14. Rad1 c4 15. Bb1
b5 16. Nh2 h5 17. f4 g6 18. Nhf3 b4 19. Qe3 Qd7 20. Bc2 a5 21. Nh4 Rg8 22. Ba4
Rb8 23. Nhf3 Ba6 24. Rb1 Bb5 25. Bxb5 Rxb5 26. b3 bxc3 27. Qxc3 Bb4 28. Qc2 c3
29. a3 Bxa3 30. Qxc3 Bb4 31. Qd3 Qb7 32. Ra1 Ke7 33. Nb1 Rb8 34. Kh2 Ke8 35.
Rc1 Ne7 36. Ra2 Rb6 37. Rac2 Rc6 38. Rxc6 Nxc6 39. Qc2 Rc8 40. Qd3 Na7 41.
Rxc8+ Qxc8 42. Nh4 Kd7 43. Nf3 Qc6 44. Ng5 Ke8 45. Qd1 Nb5 46. Nf3 Be7 47. Kh3
Bd8 48. Qd3 Bb6 49. Qd1 Na7 50. Na3 Qc3 51. Nb1 Qb4 52. Qc2 Kd7 53. Nc3 Nc6 54.
Na2 Qb5 55. Qd1 Ba7 56. Nc3 Qb4 57. Ne2 Bb6 58. Kh2 Qa3 59. Ng5 Qe7 60. Qd3 Kc7
1/2-1/2

[Event "C.to Italiano Semifinale"]
[Site "Massafra ITA"]
[Date "2005.06.19"]
[Round "2"]
[White "Di Michele, Rocco"]
[Black "Crudele, Michele"]
[Result "1-0"]
[WhiteElo "2089"]
[BlackElo "1969"]
[PlyCount "61"]
[EventDate "2005.06.18"]

1. b3 d5 2. Bb2 Bf5 3. e3 Nf6 4. f4 e6 5. Nf3 Bg4 6. h3 Bxf3 7. Qxf3 Ne4 8. Rg1
Be7 9. g4 Bh4+ 10. Kd1 Bf6 11. d4 O-O 12. Bd3 c5 13. g5 Be7 14. Nd2 Nxd2 15.
Kxd2 cxd4 16. Bxd4 g6 17. h4 Nc6 18. h5 Nxd4 19. exd4 Rc8 20. Qh3 Qc7 21. Raf1
Qc3+ 22. Ke2 Rce8 23. Rh1 Qxd4 24. hxg6 Qg7 25. gxf7+ Rxf7 26. g6 Rf6 27. gxh7+
Kh8 28. Rhg1 Rh6 29. Rxg7 Rxh3 30. Rfg1 Rh2+ 31. Kd1 1-0

[Event "C.to Italiano Semifinale"]
[Site "Massafra ITA"]
[Date "2005.06.19"]
[Round "2"]
[White "Martorelli, Antonio"]
[Black "Delfino, Luigi"]
[Result "0-1"]
[WhiteElo "2273"]
[BlackElo "2078"]
[PlyCount "48"]
[EventDate "2005.06.18"]

1. e4 e5 2. Nf3 Nf6 3. d4 Nxe4 4. Bd3 Nc6 5. d5 Nc5 6. Bc4 e4 7. dxc6 exf3 8.
cxd7+ Nxd7 9. Qxf3 Ne5 10. Qe2 Qe7 11. O-O Bg4 12. Qe4 O-O-O 13. Bb3 f5 14. Qa4
Kb8 15. Be3 a6 16. Nc3 Qh4 17. f3 Bd6 18. fxg4 Nxg4 19. Bf4 Bc5+ 20. Kh1 Rd4
21. Bg3 Qh6 22. Qa5 Nxh2 23. Bxc7+ Ka8 24. Qxc5 Nf3+ 0-1